000 01324nam a2200205 i 4500
001 164603
003 ES-MaACL
005 20250809015522.0
008 950206m18991910sp |||| | spa d
100 1 _aSánchez Román, Felipe.
_9102897
245 1 0 _aEstudios de derecho civil
_b: según los principios, los precedentes y cuerpos legales del antiguo derecho de Castilla, las leyes civiles generales, las especialidades de las legislaciones forales, la jurisprudencia del Tribunal Supremo de Justicia y el Código civil, e historia general de la legislación española /
_cpor Felipe Sánchez Román.
250 _a2ª ed., ref., corr. y aum.
260 _aMadrid :
_b[s.n.],
_c1899-1910 (
_fEstab. Tip. "Sucesores de Rivadeneyra")
300 _a7 t. en 10 v. ;
_c24 cm.
505 0 _a1. Introducción. Historia general de legislación española - 2. Parte general - 3. Derechos reales. Derecho de la propiedad y sus modificaciones - 4. Derecho de la obligaciones. Derecho de la contratación - 5. Derecho de familia (2 v.) - 6. Derecho de sucesiones ("Causa mortis") (3 v. ) - [7]. Apéndice
650 0 4 _aDerecho civil-
_zEspaña
_911659
650 0 4 _aDerecho-
_zEspaña-
_vHistoria
_911614
852 _aES-MaACL
_jB-5322-31
_z- Enc. pasta española, conservando cub. original
999 _c164603
_d164603